Personnages célèbres - Série 76 - Statistiques

Statistiques générales
  • Ce quiz a été pris 110 fois
  • Le résultat moyen est 7 sur 15
Statistiques - réponses
Par images Hint Réponse % Correct
Emmanuel Macron
100%
chanteuse française Zazie
82%
Jude - acteur britannique Law
80%
Camélia - actrice française Jordana
77%
Shania - chanteuse canadienne Twain
51%
Albert - Président de la République Lebrun
43%
Michel - écrivain Houellebecq
40%
Kelly - surf Slater
39%
Izia - actrice française Higelin
37%
Robert - football Herbin
28%
Albert - médecin Schweitzer
25%
Sandie - chanteuse britannique Shaw
19%
Francis - navigateur Joyon
18%
Marine - actrice française Delterme
16%
William F - chasseur de bisons Cody
15%
Aucun quiz correspondant
Distribution des résultats
% des personnes avec chaque résultat
Percentile par nombre de réponses
Votre historique - résultats
Vous n’avez pas pris ce quiz